000 00791nam a2200193 i 4500
001 124829
003 ES-MaACL
005 20230906192515.0
007 t|
008 070420s1928 sp ||||1| spa d
110 2 _aComisión Asesora Nacional Patronal y Obrera (España)
_93007
245 1 0 _aLabor del pleno (2-4 de julio de 1928)
_b: resumen de las sesiones celebradas, acuerdos, documentación anexa /
_cComisión Asesora Nacional Patronal y Obrera.
260 _aMadrid :
_b[s.n.],
_c1928 (
_fSobrinos Sucesores de Minuesa de los Ríos)
300 _a183 p. ;
_c21 cm.
490 1 _aPublicaciones del Instituto Nacional de Previsión ;
_v204
830 0 _aPublicaciones del Instituto Nacional de Previsión ;
_v204
_9181151
852 _aES-MaACL
_jC-12632(5)
999 _c124829
_d124829